000 00599nmm a2200193Ia 4500
008 251105s9999||||xx |||||||||||||||||und||
020 _a9789681640385
041 _aspa
100 _aMateos, Pilar
245 0 _aLa casa imaginaria
264 _a[México D.C., Mexico] :
_bFondo de Cultura Económica,
_c[Fecha de publicación no identificada]
300 _a75 páginas
490 _aA la Orilla del Viento
650 _aTeen & Young Adult Fiction
700 _aMateos, Pilar
700 1 _a Gómez Morin, Mauricio
856 _uhttps://public.digitaliapublishing.com/a/135255
942 _cCF
999 _c68616
_d68616